Kelvingrove Art Gallery and Museum : (Record no. 26411)

000 -LEADER
fixed length control field 01384cam a2200301 a 4500
001 - CONTROL NUMBER
control field 16149940
005 - DATE AND TIME OF LATEST TRANSACTION
control field 20170204105817.0
008 - FIXED-LENGTH DATA ELEMENTS--GENERAL INFORMATION
fixed length control field 100323s2009 stka c 001 0 eng
010 ## - LIBRARY OF CONGRESS CONTROL NUMBER
LC control number 2010292130
020 ## - INTERNATIONAL STANDARD BOOK NUMBER
International Standard Book Number 9780856676673
020 ## - INTERNATIONAL STANDARD BOOK NUMBER
International Standard Book Number 0856676675
050 00 - LIBRARY OF CONGRESS CALL NUMBER
Classification number N1315 .A63 2009
110 2# - MAIN ENTRY--CORPORATE NAME
Corporate name or jurisdiction name as entry element Kelvingrove Art Gallery and Museum.
245 10 - TITLE STATEMENT
Title Kelvingrove Art Gallery and Museum :
Remainder of title a souvenir guide.
260 ## - PUBLICATION, DISTRIBUTION, ETC. (IMPRINT)
Place of publication, distribution, etc. [Glasgow] :
Name of publisher, distributor, etc. Glasgow Museums Pub. ;
Place of publication, distribution, etc. London :
Name of publisher, distributor, etc. In association with Philip Wilson Publishers ;
Place of publication, distribution, etc. New York, NY :
Name of publisher, distributor, etc. Distributed in North America by Palgrave Macmillan,
Date of publication, distribution, etc. 2009.
300 ## - PHYSICAL DESCRIPTION
Extent 128 p. :
Other physical details col. ill. ;
Dimensions 25 cm.
500 ## - GENERAL NOTE
General note Includes index.
610 20 - SUBJECT ADDED ENTRY--CORPORATE NAME
Corporate name or jurisdiction name as entry element Kelvingrove Art Gallery and Museum
Form subdivision Catalogs.
650 #0 - SUBJECT ADDED ENTRY--TOPICAL TERM
Topical term or geographic name as entry element Art, European
Form subdivision Catalogs.
650 #0 - SUBJECT ADDED ENTRY--TOPICAL TERM
Topical term or geographic name as entry element Art
Geographic subdivision Scotland
-- Glasgow
Form subdivision Catalogs.
856 42 - ELECTRONIC LOCATION AND ACCESS
Materials specified Publisher description
Uniform Resource Identifier <a href="http://www.loc.gov/catdir/enhancements/fy1008/2010292130-d.html">http://www.loc.gov/catdir/enhancements/fy1008/2010292130-d.html</a>
942 ## - ADDED ENTRY ELEMENTS (KOHA)
Source of classification or shelving scheme
Koha item type Hard Covered Materials
Holdings
Withdrawn status Lost status Source of classification or shelving scheme Damaged status Not for loan Home library Current library Shelving location Date acquired Source of acquisition Total Checkouts Full call number Barcode Date last seen Price effective from Koha item type
          MACHAKOS UNIVERSITY LIBRARY MACHAKOS UNIVERSITY LIBRARY Technical section 04/02/2017 Donation(BFA)   N1315 .A63 2009 34113 23/07/2018 04/02/2017 Hard Covered Materials
© Machakos University Library, Along The Highway, Machakos Wote Rd, Machakos, Kenya P.O. Box 136 - 90100 Machakos - Kenya

Tel: ( +254 ) 723 805829 OR Fax : 044-20353 OR Email: library@mksu.ac.ke